[Event "91st GER-ch 2020"]
[Site "Magdeburg"]
[Date "2020.08.21"]
[Round "8.17"]
[White "Hundack, Rolf"]
[Black "Gustain, Marc"]
[Result "1-0"]
[WhiteElo "2126"]
[BlackElo "2173"]
[Annotator "TA"]
[PlyCount "57"]
[EventDate "2020.08.16"]
[EventType "swiss"]
[EventCountry "GER"]
[SourceTitle "playchess.com"]
[Source "ChessBase"]
[SourceQuality "1"]

{[%evp 9,56,40,20,20,32,18,40,27,29,26,40,0,-12,-5,10,11,31,0,0,0,5,-20,0,4,0,-77,-21,-28,0,-17,216,208,229,193,1022,1036,986,966,29994,29995,29996,29996,29996,29997,29997,29998,29998,29999,29999]} 1. c4 e5 2. Nc3 Nc6 3. g3 Bc5 4. Bg2 a6 5. e3 d6 6. Nge2 {A25: English Opening vs King's Indian with ...Nc6 but without early d3.} Ba7 7. d4 {is now debated instead of 7.0-0.} exd4 8. exd4 {White is slightly better.} Nge7 {[#]} 9. b3 $146 ({Predecessor:} 9. h3 O-O 10. O-O Nf5 11. d5 Ne5 12. b3 Bd7 13. Kh2 b5 14. cxb5 axb5 15. Ne4 {½-½ (59) Leko,P (2707)-Ivanisevic,I (2653) Berlin 2015}) 9... Nf5 {[%cal Rc6d4]} 10. d5 (10. O-O $14) 10... Ne5 $11 11. Ne4 O-O 12. O-O b5 13. cxb5 (13. c5 $5) 13... axb5 14. Bb2 Re8 15. h3 Bd7 16. Kh2 b4 17. Nd4 (17. Nf4 $11 {remains equal.}) 17... Nxd4 (17... Bxd4 $17 18. Bxd4 Bb5) 18. Bxd4 Bb5 19. Re1 Nd3 $2 {[#] Now Black is done in.} (19... Bxd4 $11 {and Black has nothing to worry.} 20. Qxd4 Nd3) 20. Nf6+ $1 $18 {[%mdl 576] Discovered Attack} gxf6 21. Rxe8+ Qxe8 $2 (21... Bxe8 22. Qxd3 Bd7) 22. Qg4+ Kf8 23. Bxf6 {[%csl Gf6][%cal Rg4g7]} Qb8 24. Be4 {White mates.} Nc5 25. Qg7+ Ke8 26. Qg8+ Kd7 27. Bf5+ Ne6 28. Bxe6+ fxe6 29. Qxe6# {Accuracy: White = 75%, Black = 58%.} 1-0

[Event "91st GER-ch 2020"]
[Site "Magdeburg"]
[Date "2020.08.22"]
[Round "9.1"]
[White "Engel, Luis"]
[Black "Stern, Rene"]
[Result "1-0"]
[WhiteElo "2532"]
[BlackElo "2526"]
[Annotator "TA"]
[PlyCount "99"]
[EventDate "2020.08.16"]
[EventType "swiss"]
[EventCountry "GER"]
[SourceTitle "playchess.com"]
[Source "ChessBase"]
[SourceQuality "1"]

{[%evp 12,99,38,39,37,41,46,30,49,35,39,19,31,13,20,14,27,23,34,26,43,8,25,20,32,23,34,27,42,47,52,42,62,49,120,104,104,65,145,152,631,201,189,197,205,205,300,309,275,227,722,179,181,183,161,113,106,103,103,101,118,117,140,135,243,219,1290,1283,1177,1159,5389,5206,5311,1362,1316,1245,1233,1227,1218,1212,1197,1196,1186,1177,1109,1093,1101,1056,1278,1259]} 1. e4 e5 2. Nf3 Nc6 3. Bc4 Nf6 4. d3 Be7 5. O-O O-O 6. Re1 d6 7. a4 a5 {C55: Two Knights: 4 d3, 4 d4 exd4 5 e5 and Max Lange Attack.} 8. h3 {8.Nbd2 is the modern continuation.} h6 9. Nc3 Be6 {[#] White has an edge.} 10. b3 $146 ({Predecessor:} 10. Nd5 Nb4 11. Nxe7+ Qxe7 12. b3 Bxc4 13. bxc4 b6 14. Nh4 Qe6 15. Nf5 Kh7 16. f4 {0-1 (63) David,A (2579)-Rozentalis,E (2618) Saint-Quentin 2014}) 10... Re8 11. Bb2 Bf8 12. Bb5 Bd7 13. Ne2 g6 14. Ng3 Bg7 15. Qd2 Nh7 16. d4 exd4 17. Bxc6 Bxc6 18. Nxd4 Bd7 {Hoping for ...c5.} 19. c4 Qg5 20. Re3 Nf8 21. Rd1 h5 22. Nf3 Qf4 (22... Qh6 $14) 23. Bxg7 $16 Kxg7 24. Qc3+ Kg8 (24... Qf6 $1 $14) 25. Rd5 $1 {[%cal Rd5g5] And now Rg5 would win.} b6 $2 (25... h4 $16) 26. Rxh5 $2 (26. Rg5 {aiming for Nxh5.} Re5 27. Nxh5 (27. Rxe5 dxe5 28. Nxe5 Re8 $16) (27. Nxe5 Qxg5 28. Nf3 Qh6 $14) 27... Qxg5 28. Nxg5 gxh5 29. Rg3) 26... Nh7 $18 27. Nf5 Bxf5 28. Rh4 Qxh4 (28... Bg4 $142 29. Rxg4 (29. hxg4 Qf6 $16) 29... Qf6) 29. Nxh4 Bxe4 30. f4 Re7 $2 {[#]} (30... Nf8 31. f5 Bxf5 32. Nxf5 gxf5 33. Rg3+ Ng6) 31. f5 $2 $40 {[%mdl 128] Black is in trouble.} (31. Nf5 $1 {[%mdl 512]} Bxf5 32. Rxe7) 31... Rae8 32. fxg6 fxg6 33. Rg3 Nf8 34. Nf3 Bxf3 35. Qxf3 Re1+ 36. Kh2 Kg7 37. h4 R1e5 {[#]} (37... R1e4 $16 {is a better defense.}) 38. h5 $1 g5 $2 {[#]} (38... Kg8 39. hxg6 R8e7) 39. h6+ $1 {[%mdl 512] White is clearly winning.} Kg6 (39... Kxh6 40. Qf6+) 40. Rh3 R5e7 41. Qd3+ Kf7 42. h7 (42. Qf5+ $142 Kg8 43. Qxg5+ Kh7 44. Rg3) 42... Ng6 43. Rh6 Re6 44. Qf5+ Kg7 {[#]} 45. h8=Q+ $1 {[%mdl 512]} Rxh8 46. Rxh8 ({Less strong is} 46. Qxe6 Kxh6 47. Kg3 Rh7 $14) 46... Re5 47. Rg8+ {[%mdl 64] Deflection, Decoy} Kxg8 48. Qxg6+ Kf8 49. Qh7 Rc5 50. Qd7 {Accuracy: White = 76%, Black = 57%.} 1-0

[Event "91st GER-ch 2020"]
[Site "Magdeburg"]
[Date "2020.08.22"]
[Round "9.2"]
[White "Hess, Max"]
[Black "Graf, Alexander"]
[Result "1-0"]
[WhiteElo "2378"]
[BlackElo "2569"]
[Annotator "TA"]
[PlyCount "85"]
[EventDate "2020.08.16"]
[EventType "swiss"]
[EventCountry "GER"]
[SourceTitle "playchess.com"]
[Source "ChessBase"]
[SourceQuality "1"]

{[%evp 13,85,12,35,39,80,46,89,43,75,77,71,74,79,70,75,82,387,377,377,376,379,383,374,370,394,392,391,399,375,264,260,207,200,199,215,222,247,240,237,244,237,169,248,240,341,333,341,333,334,308,375,309,351,318,354,360,406,392,404,418,404,405,480,472,445,431,447,413,466,466,434,442,439,384]} 1. e4 c6 2. Nc3 d5 3. Nf3 Bg4 4. h3 Bxf3 5. Qxf3 e6 6. Be2 Nf6 7. O-O Nbd7 8. d4 {B11: Caro-Kann: Two Knights Variation.} Qb6 {[#]} 9. Rd1 $146 ({Predecessor:} 9. e5 Ng8 10. Qd3 Ne7 11. Na4 Qc7 12. b3 b5 13. Nb2 Nf5 14. Bg4 g6 15. Bxf5 gxf5 {½-½ (65) Kacharava,N (2085)-Licheli,L (2042) Lagodekhi 2016}) 9... g6 10. b3 {White is better.} Bg7 11. e5 Ng8 12. Na4 Qd8 13. c4 Ne7 14. Ba3 $36 {[%mdl 2048] White is on the roll.} f6 $2 {[%mdl 8192]} (14... O-O $16 {is a better chance.}) 15. Nc5 $18 {[%mdl 64] [#] Overworked Piece} Nxc5 16. exf6 ({Stronger than} 16. Bxc5 fxe5 17. dxe5 Bxe5 $11) 16... Bxf6 17. Qxf6 Rf8 18. Qe5 ({Don't do} 18. Qg7 Ne4 $18) 18... Nd7 19. Qxe6 Rf6 20. Qe3 Kf7 21. Qd3 Nf8 22. Bf1 Ne6 23. g3 Nf5 24. Bg2 Qd7 25. cxd5 cxd5 26. Rac1 Re8 27. Bb2 h5 (27... Ne7 $142 28. Re1 a6) 28. Re1 Ng5 (28... Nc7 {was worth a try.} 29. Re5 Rc6) 29. Re5 Ne4 30. Bxe4 dxe4 31. Qxe4 {[#] Black must now prevent Rxe8.} ({Don't take} 31. Rxe4 Rxe4 32. Qxe4 Rc6 $18) 31... Rxe5 32. dxe5 Re6 33. Qc4 Qd2 34. Rc2 Qd1+ 35. Kg2 a6 36. Qe4 {Rc7+ is the strong threat.} Qd7 37. Qf4 Kg7 38. Rd2 Qc6+ 39. Qf3 Qc8 40. Qd5 b5 41. Qd7+ {White is clearly winning.} Qxd7 42. Rxd7+ Kg8 43. Rc7 {Black did not feel at home in the position after the opening. Accuracy: White = 78%, Black = 50%.} 1-0

[Event "91st GER-ch 2020"]
[Site "Magdeburg"]
[Date "2020.08.22"]
[Round "9.3"]
[White "Muckle, Julius"]
[Black "Mons, Leon"]
[Result "1/2-1/2"]
[WhiteElo "2386"]
[BlackElo "2540"]
[Annotator "RC"]
[PlyCount "80"]
[EventDate "2020.08.16"]
[EventType "swiss"]
[EventCountry "GER"]
[SourceTitle "playchess.com"]
[Source "ChessBase"]
[SourceQuality "1"]
[TimeControl "40/5400+30:1800+30"]

1. d4 {[%emt 0:06:57]} Nf6 {[%emt 0:00:00]} 2. c4 {[%emt 0:00:18]} e6 {[%emt 0:00:00]} 3. Nf3 {[%emt 0:00:05]} d5 {[%emt 0:00:00]} 4. Nc3 {[%emt 0:00:04]} dxc4 {[%emt 0:00:00]} 5. e3 {[%emt 0:00:37]} a6 {[%emt 0:00:09]} 6. a4 {[%emt 0:00:57]} c5 {[%emt 0:00:07]} 7. Bxc4 {[%emt 0:00:04]} Nc6 {[%emt 0:00:18]} 8. O-O {[%emt 0:00:12]} Be7 {[%emt 0:00:17]} 9. Qe2 {[%emt 0:02:24]} O-O {[%emt 0:02:57]} 10. Rd1 {[%emt 0:06:10]} Qc7 {[%emt 0:02:33]} 11. d5 {[%emt 0:06:07]} exd5 {[%emt 0:00:28]} 12. Nxd5 {[%emt 0:00:02]} Nxd5 {[%emt 0:00:09]} 13. Bxd5 {[%emt 0:00:12]} Rd8 {[%emt 0:03:21]} 14. e4 {[%emt 0:19:22]} Nb4 {[%emt 0:30:28]} 15. Bd2 {[%emt 0:27:13]} Nxd5 {[%emt 0:05:06]} 16. exd5 {[%emt 0:00:01]} Bg4 {[%emt 0:05:57]} 17. h3 {[%emt 0:04:26]} Bh5 {[%emt 0:01:25]} 18. g4 {[%emt 0:03:03]} Bg6 {[%emt 0:00:25]} 19. Ba5 {[%emt 0:04:30]} b6 {[%emt 0:08:31]} 20. Bxb6 {[%emt 0:01:53]} Qxb6 {[%emt 0:00:03]} 21. Qxe7 {[%emt 0:00:05]} Qxb2 {[%emt 0:00:40]} 22. Qxc5 {[%emt 0:01:09]} Be4 {[%emt 0:02:53]} 23. Qd4 {[%emt 0:07:46]} Qxd4 {[%emt 0:00:39]} 24. Nxd4 {[%emt 0:00:01]} Rxd5 {[%emt 0:00:26]} 25. Nf5 {[%emt 0:01:53]} Ra5 {[%emt 0:07:32]} 26. Nd6 {[%emt 0:01:18]} Bc2 {[%emt 0:05:15]} 27. Rd4 {[%emt 0:01:09]} Rd8 {[%emt 0:02:37]} 28. Nf5 {[%emt 0:00:16]} Rxd4 {[%emt 0:03:21]} 29. Nxd4 {[%emt 0:00:02]} Bg6 {[%emt 0:01:01]} 30. Nc6 {[%emt 0:01:50]} Rc5 {[%emt 0:00:12]} 31. Rd1 {[%emt 0:00:15]} h5 {[%emt 0:03:44]} 32. Ne7+ {[%emt 0:00:09]} Kh7 {[%emt 0:00:07]} 33. Nxg6 {[%emt 0:00:05]} fxg6 {[%emt 0:00:31]} 34. Rd6 {[%emt 0:01:10]} hxg4 {[%emt 0:02:43]} 35. hxg4 {[%emt 0:00:01]} a5 {[%emt 0:00:17]} 36. Rd4 {[%emt 0:00:06]} g5 {[%emt 0:02:49]} 37. Kg2 {[%emt 0:00:09]} Rc3 {[%emt 0:00:57]} 38. f3 {[%emt 0:01:28]} Ra3 {[%emt 0:00:29]} 39. Kg3 {[%emt 0:00:07]} Ra2 {[%emt 0:01:11]} 40. Re4 {[%emt 0:00:08]} Kg6 {[%emt 0:00:39]} 1/2-1/2

[Event "91st GER-ch 2020"]
[Site "Magdeburg"]
[Date "2020.08.22"]
[Round "9.4"]
[White "Pfreundt, Jakob"]
[Black "Parvanyan, Ashot"]
[Result "1/2-1/2"]
[WhiteElo "2397"]
[BlackElo "2449"]
[Annotator "TA"]
[PlyCount "58"]
[EventDate "2020.08.16"]
[EventType "swiss"]
[EventCountry "GER"]
[SourceTitle "playchess.com"]
[Source "ChessBase"]
[SourceQuality "1"]

{[%evp 10,58,16,10,15,16,33,0,0,0,1,0,13,22,26,13,8,0,0,0,0,0,0,0,28,8,17,0,0,0,0,0,0,0,3,-13,-7,-9,-8,-5,-7,-14,-8,-26,-18,-26,0,-20,0,-18,0]} 1. e4 e6 2. d4 d5 3. exd5 exd5 4. Nf3 Nc6 5. Bd3 Bg4 6. c3 Qf6 {C01: French: Exchange Variation.} 7. Be2 {[#]} Bd6 $146 ({Predecessor:} 7... h6 8. O-O Bd6 9. Nbd2 Nge7 10. Re1 O-O-O 11. Nf1 Be6 12. Ng3 g5 13. Nh5 Qg6 {0-1 (42) Ostrochovsky,A (1951)-Budaj,P (2061) Slovakia 2011}) 8. b3 Nge7 9. Na3 O-O-O 10. O-O h6 11. Nb5 Bf4 12. Bxf4 Qxf4 13. Re1 Ng6 14. g3 Qf6 15. Nd2 Bxe2 16. Qxe2 Qf5 17. a4 h5 18. h4 Rhe8 19. Qf3 $1 {[%cal Rf3f5]} Qxf3 20. Nxf3 f6 21. Nd2 Nge7 22. Re2 Nf5 23. Rae1 Rxe2 24. Rxe2 Kd7 25. Kg2 Rg8 26. Nf3 Na5 27. Nd2 ({Of course not} 27. Nxa7 c6 $17) 27... Nc6 28. Nf3 Na5 29. Nd2 ({But not} 29. Nxa7 c6 $17) 29... Nc6 {Not much happened in this game. Accuracy: White = 95%, Black = 96%.} 1/2-1/2

[Event "91st GER-ch 2020"]
[Site "Magdeburg"]
[Date "2020.08.22"]
[Round "9.5"]
[White "Koellner, Ruben Gideon"]
[Black "Mueller, Dominik"]
[Result "1-0"]
[WhiteElo "2376"]
[BlackElo "2252"]
[Annotator "TA"]
[PlyCount "79"]
[EventDate "2020.08.16"]
[EventType "swiss"]
[EventCountry "GER"]
[SourceTitle "playchess.com"]
[Source "ChessBase"]
[SourceQuality "1"]

{[%evp 11,79,21,20,25,27,25,28,29,32,25,34,34,50,0,0,-16,0,-18,17,0,0,-60,-48,-45,-39,-73,-29,-99,-83,-97,-86,-80,-65,-82,-25,-24,0,0,41,38,60,0,0,0,158,160,154,154,157,160,149,145,162,161,148,113,232,243,308,289,436,107,119,123,578,76,73,62,70,51]} 1. d4 Nf6 2. Bg5 c5 3. Bxf6 gxf6 4. d5 Qb6 5. Qc1 f5 6. c4 Bg7 7. Nc3 {A45: Trompowsky Attack.} d6 8. e3 Nd7 9. Qc2 {White has an edge.} Ne5 10. Nh3 h5 11. Be2 Bd7 12. Nf4 h4 $1 {[#]} 13. h3 $146 ({Predecessor:} 13. O-O O-O 14. Rab1 Bh6 15. a3 a5 16. a4 Kh8 17. Bd1 Nxc4 18. Qe2 Ne5 19. Qh5 {0-1 (31) Laux,D (1877)-Von Auer,U (2055) Bad Homburg 2018}) 13... O-O-O 14. O-O Rhg8 15. Rfb1 Ng6 16. Bd3 (16. Nh5 $11) 16... Nxf4 $15 17. exf4 e6 18. Qe2 Bd4 19. Qh5 (19. a4 $11 {remains equal.}) 19... Rg3 $17 20. Qxf7 Rg7 $1 {[%cal Rg7f7]} 21. Qh5 Rdg8 22. Bf1 e5 (22... Be8 $1 $17 {[%cal Re8h5]} 23. Qf3 (23. Qxh4 $2 Qc7 $19) 23... Rg3) 23. a4 $11 exf4 24. Ne2 Qb3 {Hoping for ...Qxh3.} ({Wrong is} 24... Bxb2 $2 25. Ra2 $18) 25. Nxd4 cxd4 26. Ra3 (26. Kh2 $1 $14) 26... Qc2 27. Qd1 $36 {[%mdl 2048] [#] White is pushing.} Qe4 $2 (27... Bxa4 $1 $11 {[%mdl 512]} 28. Qe1 (28. Rxa4 $2 Qe4 $19) 28... Re8) 28. f3 $16 Qe5 {Black wants to play ...Rg3.} 29. Qd2 Rg3 {Threatening ...Rxh3.} 30. Kh1 Qg7 {[#] ...Rxh3+! is the strong threat.} 31. Qf2 $1 Re8 32. Rd1 Re3 33. Qd2 Rxa3 (33... Be8 $16) 34. bxa3 $18 Bxa4 35. Re1 Bd7 (35... Qc7 {was necessary.} 36. Qxd4 Bd7) 36. Qxf4 $2 (36. Qa5 $18 Qf8 37. Qxa7) 36... Qf6 $16 {[#]} 37. c5 $1 {[%mdl 512]} Rg8 $2 {[%mdl 8192] [#]} (37... dxc5 $16 38. Rc1 Qf8) 38. Rc1 $2 (38. c6 $1 $18 {[%mdl 512]}) 38... Qg5 39. Qxg5 Rxg5 40. c6 {Accuracy: White = 68%, Black = 58%.} 1-0

[Event "91st GER-ch 2020"]
[Site "Magdeburg"]
[Date "2020.08.22"]
[Round "9.6"]
[White "Dubiel, Jacek"]
[Black "Bindrich, Falko"]
[Result "1/2-1/2"]
[WhiteElo "2414"]
[BlackElo "2605"]
[Annotator "ChessBase"]
[PlyCount "70"]
[EventDate "2020.08.16"]
[EventType "swiss"]
[EventCountry "GER"]
[SourceTitle "playchess.com"]
[Source "ChessBase"]
[SourceQuality "1"]
[TimeControl "40/5400+30:1800+30"]

1. e4 {[%emt 0:00:00]} e5 {[%emt 0:00:00]} 2. Nf3 {[%emt 0:00:00]} Nc6 {[%emt 0:00:00]} 3. Nc3 {[%emt 0:01:22]} Nf6 {[%emt 0:00:00]} 4. Bb5 {[%emt 0:00:04]} Bb4 {[%emt 0:00:09]} 5. O-O {[%emt 0:00:07]} O-O {[%emt 0:00:14]} 6. Bxc6 {[%emt 0:00:31]} dxc6 {[%emt 0:00:48]} 7. Nxe5 {[%emt 0:00:07]} Re8 {[%emt 0:00:30]} 8. Nd3 {[%emt 0:00:05]} Bxc3 {[%emt 0:04:44]} 9. dxc3 {[%emt 0:00:06]} Nxe4 {[%emt 0:00:03]} 10. Qf3 {[%emt 0:00:08]} Qf6 {[%emt 0:00:59]} 11. Qxf6 {[%emt 0:01:04]} Nxf6 {[%emt 0:00:04]} 12. Bf4 {[%emt 0:00:42]} Nd5 {[%emt 0:04:30]} 13. Rfe1 {[%emt 0:03:04]} Bf5 {[%emt 0:00:55]} 14. Bg3 {[%emt 0:00:56]} b5 {[%emt 0:08:18]} 15. Nb4 {[%emt 0:08:47]} Nxb4 {[%emt 0:01:17]} 16. cxb4 {[%emt 0:00:18]} Bxc2 {[%emt 0:00:09]} 17. Bxc7 {[%emt 0:00:10]} f6 {[%emt 0:00:17]} 18. f3 {[%emt 0:01:54]} Kf7 {[%emt 0:00:48]} 19. Kf2 {[%emt 0:00:56]} Bd3 {[%emt 0:00:32]} 20. Rxe8 {[%emt 0:03:47]} Rxe8 {[%emt 0:00:12]} 21. Re1 {[%emt 0:00:03]} Rxe1 {[%emt 0:00:11]} 22. Kxe1 {[%emt 0:00:05]} Bc4 {[%emt 0:00:04]} 23. a3 {[%emt 0:00:08]} Ke6 {[%emt 0:00:09]} 24. Bb8 {[%emt 0:02:02]} a6 {[%emt 0:00:05]} 25. Kf2 {[%emt 0:00:21]} Kd5 {[%emt 0:00:18]} 26. Ba7 {[%emt 0:01:05]} f5 {[%emt 0:00:55]} 27. Ke3 {[%emt 0:00:47]} Bf1 {[%emt 0:00:09]} 28. g3 {[%emt 0:01:15]} g6 {[%emt 0:00:07]} 29. Bd4 {[%emt 0:00:33]} f4+ {[%emt 0:00:23]} 30. gxf4 {[%emt 0:00:05]} Bh3 {[%emt 0:00:03]} 31. Bf6 {[%emt 0:00:30]} Bf5 {[%emt 0:00:05]} 32. Bc3 {[%emt 0:00:05]} Kc4 {[%emt 0:00:07]} 33. Bf6 {[%emt 0:00:29]} Kd5 {[%emt 0:00:04]} 34. Bc3 {[%emt 0:00:05]} Kc4 {[%emt 0:00:03]} 35. Bf6 {[%emt 0:00:07]} Kd5 {[%emt 0:00:04]} 1/2-1/2

[Event "91st GER-ch 2020"]
[Site "Magdeburg"]
[Date "2020.08.22"]
[Round "9.7"]
[White "Dobrikov, Marco"]
[Black "Heinemann, Thies"]
[Result "0-1"]
[WhiteElo "2290"]
[BlackElo "2507"]
[Annotator "TA"]
[PlyCount "118"]
[EventDate "2020.08.16"]
[EventType "swiss"]
[EventCountry "GER"]
[SourceTitle "playchess.com"]
[Source "ChessBase"]
[SourceQuality "1"]

{[%evp 12,118,13,18,35,20,22,0,0,0,0,0,0,0,0,0,27,31,30,12,30,0,0,0,0,0,0,-37,0,0,0,0,35,-23,-14,-52,-40,-46,-33,-60,-32,-51,-57,-49,0,-18,-16,-26,-13,-27,-27,-42,-38,-58,-63,-102,-106,-149,-103,-161,-156,-153,-84,-240,-172,-170,-175,-185,-181,-196,-112,-115,-101,-124,-112,-117,-102,-100,-98,-114,-121,-162,-143,-139,-130,-122,-122,-121,-121,-123,-132,-186,-187,-315,-177,-225,-218,-290,-265,-355,-235,-1058,-1035,-1843,-1819,-1000,-1377,-29973,-195]} 1. e4 c5 2. Nf3 d6 3. d4 cxd4 4. Nxd4 Nf6 5. Nc3 a6 6. h3 e5 7. Nde2 h5 {B90: Sicilian Najdorf: Unusual White 6th moves, 6 Be3 Ng4 and 6 Be3 e5.} 8. Bg5 Be6 9. Bxf6 Qxf6 {The position is equal.} 10. Nd5 Qd8 $1 11. Qd3 Nd7 12. O-O-O g6 13. Kb1 Rc8 14. Nec3 Nc5 15. Qf3 Bg7 {[#]} 16. Bc4 $146 ({Predecessor:} 16. Rg1 b5 17. a3 Kf8 18. g4 Qg5 19. Be2 hxg4 20. hxg4 Bh6 21. Rg3 Bg7 22. Ne3 {½-½ (32) Asadli,V (2502)-Visakh,N (2526) Konya 2019}) 16... b5 $36 {[%mdl 2048] White is under pressure.} 17. Bb3 O-O 18. g4 h4 19. Qe2 Kh7 20. f3 Bh6 21. Rhf1 Bg5 22. Rf2 (22. f4 $1 $14 exf4 23. Nxf4) 22... Kh6 23. Qf1 Re8 24. Re2 Rb8 25. Ree1 Rb7 26. Nb4 a5 27. Nd3 {Black must now prevent Nxc5.} Nd7 28. Bd5 Rb8 29. Bxe6 fxe6 30. Nc1 $1 Qb6 $1 31. Qd3 $1 Be7 32. Qd2+ g5 33. Qe3 Qc6 34. N3e2 Rf8 35. Nb3 (35. Qb3 $17 Rf6 36. Rf1) 35... a4 $19 36. Nd2 Bd8 (36... b4 $142 37. Qd3 Rfc8) 37. Rc1 $2 (37. a3 $17) 37... Bb6 38. Qc3 Qxc3 39. Nxc3 Bd4 40. Nd1 Kg7 ({Black should play} 40... b4 $19 41. Ne3 a3) 41. c3 Bb6 42. b4 axb3 43. axb3 Kf6 44. b4 Ke7 45. Kb2 Ra8 46. Ra1 Rxa1 47. Kxa1 Ra8+ 48. Kb1 Nf8 $1 49. Nb2 {[#]} Ra3 $1 {[%cal Ra3c3]} 50. Kc2 {[#]} Ng6 $1 51. Nd3 (51. Rd1 $17 {is a better defense.}) 51... Ra2+ 52. Kd1 (52. Nb2 {is the only way for White.}) 52... Kd7 (52... Nf4 $142 53. Nxf4 exf4) 53. Ke2 d5 54. Rc1 Kd6 55. Rb1 Ba7 56. Rc1 $2 (56. Rd1) 56... dxe4 57. fxe4 Nf4+ 58. Nxf4 exf4 59. Kd3 {[#]} Rxd2+ $1 {[%mdl 512] Accuracy: White = 54%, Black = 73%.} 0-1

[Event "91st GER-ch 2020"]
[Site "Magdeburg"]
[Date "2020.08.22"]
[Round "9.8"]
[White "Siebrecht, Sebastian"]
[Black "Ehmann, Thilo"]
[Result "1/2-1/2"]
[WhiteElo "2417"]
[BlackElo "2329"]
[Annotator "TA"]
[PlyCount "104"]
[EventDate "2020.08.16"]
[EventType "swiss"]
[EventCountry "GER"]
[SourceTitle "playchess.com"]
[Source "ChessBase"]
[SourceQuality "1"]

{[%evp 15,104,35,54,0,0,0,0,0,-22,-24,0,0,0,0,0,-20,-8,-25,0,-19,-14,-15,0,-7,0,0,0,-16,-4,-11,0,0,0,0,0,0,0,0,0,0,0,0,0,-12,-2,-22,8,0,0,-13,-11,-10,-10,-15,-20,-18,0,0,0,0,28,16,16,28,26,33,24,18,18,9,47,34,50,0,21,22,23,-196,-192,-189,-191,-179,0,0,0,0,37,0,0,0,44]} 1. d4 Nf6 2. c4 g6 3. Nc3 Bg7 4. e4 O-O 5. Nf3 d6 6. Be2 e5 7. Be3 Ng4 8. Bg5 f6 9. Bd2 {E92: King's Indian: Classical: 6 Be2 e5: 7 dxe5, 7 Be3 and Petrosian System without 7...Nbd7.} (9. Bh4 $14) 9... exd4 $11 10. Nxd4 f5 11. Bxg4 fxg4 12. Be3 c6 13. Qd2 Re8 {[#]} 14. O-O $146 ({Predecessor:} 14. Nde2 Nd7 15. Rd1 Ne5 16. b3 Qa5 17. Nd4 a6 18. O-O b5 19. cxb5 axb5 20. a4 {0-1 (40) Marcelin,C (2503)-Bologan,V (2630) France 2003}) 14... Nd7 15. Rae1 Ne5 16. b3 Qa5 17. Rc1 Nf7 18. Kh1 Qh5 19. Nde2 Qh4 20. Bd4 Bh6 21. Nf4 Qe7 22. Rce1 Ne5 23. Be3 Bg7 24. Nfe2 Bf6 25. Rd1 Nf7 26. Bf4 {[%cal Rf4d6]} Rd8 27. Nd4 Ne5 28. Rfe1 Bd7 29. Nc2 Be6 30. Ne2 Bf7 31. Ned4 Rd7 32. Bxe5 Bxe5 33. f4 gxf3 34. Nxf3 Rad8 35. Ne3 Bg7 36. Ng4 Be6 37. Nh6+ Kh8 {[#]} 38. Nf5 $1 $36 {[%mdl 2560] Black is under pressure.} Bxf5 39. exf5 Qf6 40. fxg6 Qxg6 41. Re2 d5 42. Qe1 h6 43. Re6 Qf7 44. c5 d4 45. Qe4 d3 46. Ne5 $2 (46. h3 $11 {and White stays safe.}) 46... Qxe6 $19 47. Ng6+ {[#]} Qxg6 $1 {[%mdl 512]} 48. Qxg6 {[#]} d2 $2 (48... Re7 $1 $19 {aiming for ...d2.} 49. g3 d2) 49. Qe6 Rd5 {Hoping for ...Re5.} 50. Qe7 $1 R5d7 51. Qe6 Rd5 {White must now prevent ...Re5.} 52. Qe7 $1 R5d7 {Accuracy: White = 86%, Black = 86%.} 1/2-1/2